000 00951nam a2200289 a 4500
001 000046784
003 DO-SdBNP
005 20240302073951.0
008 110211s2014 dr a 000 0 spa d
020 _a9789945468489
040 _aDO-SdBNP
_bspa
_cBNPHU
082 _a922.27293
_bS211C, 2014
100 1 _aCassá, Roberto,
_d1948-
_910888
245 1 0 _aAntonio Sánchez Valverde /
_cRoberto Cassá ; ilustraciones Ramiro Manzano.
250 _a2a. ed.
260 _aSanto Domingo :
_bTobogan,
_c2014.
_fAlfa y Omega
300 _a44 p. :
_bil. ;
_c22 cm.
490 1 _aBiografías dominicanas Tobogán ;
504 _aBibliografía : p. 41
590 _aInventariado, 2018/ YL
600 1 4 _aSÁNCHEZ VALVERDE, ANTONIO
_cSACERDOTE
_d1729-1790
_951687
651 4 _aRepública Dominicana
_xBiografías
_91325
700 1 2 _aManzano, Ramiro,
_eil.
_9768
830 0 _aBiografías dominicanas Tobogán
_9769
910 _aDG
942 _2ddc
_cLBS1
999 _c46273
_d46273